Descripción de las rocas que componen la parte sólida del globo terrestre (Record no. 155381)

MARC details
000 -LEADER
campo de control de longitud fija 01025nam a2200241 i 4500
001 - NÚMERO DE CONTROL
campo de control 155381
003 - IDENTIFICADOR DE NÚMERO DE CONTROL
campo de control ES-MaACL
005 - FECHA Y HORA DE LA ÚLTIMA TRANSACCIÓN
campo de control 20250815110840.0
008 - DATOS DE LONGITUD FIJA--INFORMACIÓN GENERAL
campo de control de longitud fija 950427s1802 sp |||| | spa d
040 ## - FUENTE DE CATALOGACIÓN
Centro catalogador/agencia de origen EUS
Lengua de catalogación spa
Centro/agencia transcriptor EUS
100 1# - ENTRADA PRINCIPAL--NOMBRE DE PERSONA
Nombre de persona Herrgen, Christiano.
9 (RLIN) 63365
245 10 - MENCIÓN DEL TÍTULO
Título Descripción de las rocas que componen la parte sólida del globo terrestre
Resto del título : extractada de varias obras alemanas de la escuela de Werner y aumentada con observaciones hechas en la península /
Mención de responsabilidad, etc. por Christiano Herrgen.
260 ## - PUBLICACIÓN, DISTRIBUCIÓN, ETC.
Lugar de publicación, distribución, etc. Madrid :
Nombre del editor, distribuidor, etc. Imprenta Real,
Fecha de publicación, distribución, etc. 1802.
300 ## - DESCRIPCIÓN FÍSICA
Extensión XVI, 224 p. :
Otras características físicas il. ;
Dimensiones 21 cm.
597 ## - NOTA DE DESCRIPCIÓN FÍSICA
NOTA DE DESCRIPCIÓN FÍSICA Sign.: [ ]8, A-O8.
597 ## - NOTA DE DESCRIPCIÓN FÍSICA
NOTA DE DESCRIPCIÓN FÍSICA Notas a pie de página.
599 ## - NOTA A LAS ILUSTRACIONES
NOTA A LAS ILUSTRACIONES La ilustración es una tabla xilográfica en p.5 sobre la composición de las rocas.
650 07 - PUNTO DE ACCESO ADICIONAL DE MATERIA--TÉRMINO DE MATERIA
Término de materia o nombre geográfico como elemento de entrada Geología
Fuente del encabezamiento o término embne
9 (RLIN) 13086
650 #4 - PUNTO DE ACCESO ADICIONAL DE MATERIA--TÉRMINO DE MATERIA
Término de materia o nombre geográfico como elemento de entrada Litosfera.
9 (RLIN) 166998
650 00 - PUNTO DE ACCESO ADICIONAL DE MATERIA--TÉRMINO DE MATERIA
Término de materia o nombre geográfico como elemento de entrada Mineralogía.
9 (RLIN) 15053
852 ## - LOCALIZACIÓN
Ubicación ES-MaACL
Número de control de estantería G-9624
Nota libre -- Enc. pasta española
Encuadernación -- Edic.: Tit.: "Descripcion geognostica ..."
Holdings
Estatus retirado Estado de pérdida Estado de daño No para préstamo Colección Biblioteca de origen Biblioteca actual Ubicación en estantería Fecha de adquisición Fuente de adquisición Total de préstamos Signatura topográfica completa Código de barras Visto por última vez Precio de reemplazo Tipo de ítem Koha
        Libros del s. XIX Biblioteca del Ateneo de Madrid Biblioteca del Ateneo de Madrid Sala Pecera Planta 3 17/01/2008     G-9624 1162534 23/02/2023 23/02/2023 Libro impreso antiguo